| 000 | 00686nam a22001577a 4500 | ||
|---|---|---|---|
| 003 | LRUA | ||
| 005 | 20230831170012.0 | ||
| 008 | 230808b xxu||||| |||| 00| 0 eng d | ||
| 040 | _cRUA | ||
| 082 | _2LMA SUN 2021 B498 Or. | ||
| 100 |
_915623 _aSUN SOKNA. សាន់ សុខណា |
||
| 245 | _aSTUDY ON LAND USE PLANNING IN SANGKAT SNOR, KHAN KAMBOL. PHNOM PENH. សិក្សាពីការរៀបចំផែនការប្រើប្រាស់ដីធ្លីនៅសង្កាត់ស្មោរ ខណ្ឌកំបូល រាជធានីភ្នំពេញ | ||
| 260 |
_aPhnom Penh _bRUA _c2021 |
||
| 300 |
_aIX.36P _bVII. _c29CM |
||
| 942 |
_2ddc _cLMA |
||
| 999 |
_c21605 _d21605 |
||